000 005890000a22001810004500
003 MACL
005 20160517170419.0
008 160517b xxu||||| |||| 00| 0 eng d
040 _aMACL
_cMACL
041 _aHindi
082 _a891.433
100 _aडॉ मिश्र, विघानिवास
_957731
245 _aपीपल के बहाने
_cडॉ विघानिवास मिश्र
260 _bअरूणोदय प्रकाशन
_c2001
_aदिल्‍ली
350 _a125
650 _aLiteracture
_957732
942 _cHIN
_k800/VID/L
_2ddc
999 _c9085
_d9085